00403 a2200121 4500001001000000005001700010008004100027245007100068100002400139700002500163773007600188999001700264ART_1002420260410161839.0260409a 10aConcepto y tratamiento contable de los sobreprecios de inflación1 aLuppi, Hugo Alberto1 aMatheu, Luis María0 tContabilidad y administracióng- Año 7, Nº 80 (feb. 1984)wREV5485 c23963d23963